000 01628cam a22004214a 4500
090 _c10436
001 13993561
005 20060728212748.0
008 050607s2005 flua b 001 0 eng
010 _a2005050375
020 _a9780824796167 (alk. paper)
020 _a0824796160 (alk. paper)
035 _a(DNLM)101250015
040 _aDNLM/DLC
_cDLC
_dDLC
042 _apcc
050 0 0 _aR856
_b.R58 2005
060 1 0 _aQT 36
_bR614b 2005
082 0 0 _a610.28
_222
_bRIT
100 1 _aRitter, Arthur B.
245 1 0 _aBiomedical Engineering Principles /
_cArthur B. Ritter, Stanley Reisman, Bozena B. Michniak.
260 _aBoca Raton :
_bTaylor & Francis,
_cc2005.
300 _axii, 665 p. :
_bill. ;
_c23 cm.
504 _aIncludes bibliographical references and index.
650 0 _aBiomedical engineering.
650 1 2 _aBiomedical Engineering
_xmethods.
650 2 2 _aBiological Transport.
650 2 2 _aBiomechanics
_xmethods.
650 2 2 _aCell Physiology.
650 2 2 _aHemodynamic Processes.
650 2 2 _aSignal Processing, Computer-Assisted.
650 2 2 _aTissue Engineering
_xmethods.
700 1 _aReisman, Stanley S.
700 1 _aMichniak, Bozena B.
856 4 2 _3Publisher description
_uhttp://www.loc.gov/catdir/enhancements/fy0647/2005050375-d.html
942 _2ddc
_cBB
999 _c10436
_d10436